Score 0/20 Timer 05:00
2 Plays Today
% Correct
Reese Witherspoon
94.4%
Morgan Freeman
94.3%
Christina Applegate
93.8%
Amy Winehouse
93.7%
Ryan Seacrest
92.8%
Floyd Mayweather
92.3%
Alfred Hitchcock
90.8%
Kate Middleton
88.4%
Natalie Portman
85.5%
Norman Rockwell
85%
% Correct
Kate Beckinsale
84.8%
Paul Newman
84.3%
Anne Hathaway
84.2%
David Letterman
83.4%
Neve Campbell
83%
Carrie Underwood
82.6%
Justin Timberlake
81.2%
Robert Pattinson
77%
Kristen Stewart
75.1%
Kenny Loggins
68.7%
Remove Ads.
Support Sporcle.
Get the best of Sporcle when you Go Orange. This ad-free experience offers more features, more stats, and more fun while also helping to support Sporcle. Thank you for becoming a member.

You're not logged in!

Compare scores with friends on all Sporcle quizzes.
OR
Log In

Sporcle TV

Today on Sporcle TV


Watch our educational content, quiz creation guides, and fun videos on Sporcle TV.

Show Comments

Extras

Top Quizzes Today


Score Distribution

Paid Content

Your Account Isn't Verified!

In order to create a playlist on Sporcle, you need to verify the email address you used during registration. Go to your Sporcle Settings to finish the process.

Report this User

Report this user for behavior that violates our Community Guidelines.

Details: